Normal view
MARC view
- Fahad Umar, Shahzad Anwar Abbasi
Entry Personal Name
001 - CONTROL NUMBER
- control field: 92821
003 - CONTROL NUMBER IDENTIFIER
- control field: NUST
005 - DATE AND TIME OF LATEST TRANSACTION
- control field: 20220704184329.0
008 - FIXED-LENGTH DATA ELEMENTS
- fixed length control field: 220704|| aca||aabn | a|a d
040 ## - CATALOGING SOURCE
- Original cataloging agency: NUST
- Transcribing agency: NUST
100 ## - HEADING--PERSONAL NAME
- Personal name: Fahad Umar, Shahzad Anwar Abbasi
670 ## - SOURCE DATA FOUND
- Source citation: Work cat.: (NUST)9185: Bilal Javed 92820, Vehicular Tracking and Security System Employing SMS, GPS and GIS, 2007.
